Art songs for school and studio: second year, medium low

Uloženo v:
Podrobná bibliografie
Hlavní autoři: Glenn, Mabelle (Autor), Spouse, Alfred (Autor)
Médium: Kniha
Jazyk:angličtina
Vydáno: Bryn Mawr Oliver Ditson 1934
Témata:
Tagy: Přidat tag
Žádné tagy, Buďte první, kdo vytvoří štítek k tomuto záznamu!

MARC

LEADER 00000nam a2200000 a 4500
001 UCN8464
003 CL-VaPUC
005 20250317100106.0
008 011109e19340000us |||||||||||||||||eng|d
999 |c 298351  |d 298349 
040 |c Pontificia Universidad Católica de Valparaíso 
082 0 4 |a Ca783.507 GLE 1934  |2 21 
100 |a Glenn, Mabelle  |e author  |9 629891 
245 1 0 |a Art songs for school and studio: second year, medium low 
260 |a Bryn Mawr  |b Oliver Ditson  |c 1934 
300 |a 64 p 
583 |a last modification  |c 20171130 01:48:59  |k Rodrigo Vera 
650 0 |a Canto, estudio e instrucción  |2 CL-VaPUC  |9 461443 
650 0 |a Canto, técnicas de ejecución  |2 CL-VaPUC  |9 461446 
650 0 |a Canto, ejercicios  |2 CL-VaPUC  |9 461453 
650 0 |a Canto  |x Voz baja  |9 464740 
700 0 |a Spouse, Alfred  |e author  |9 464724 
942 |c BK  |2 ddc 
945 |d 20011109 00:00:00  |a crobeson 
952 |0 0  |1 0  |2 ddc  |4 0  |6 CA_783_507000000000000_GLE_1934  |7 0  |8 F  |9 353865  |a BIBEDU  |b BIBEDU  |d 2019-11-21  |i 3743756  |o Ca783.507 GLE 1934  |p 3743756  |r 2023-11-22  |w 2019-11-21  |y BK_F  |k MUS